000
00352pab a2200157 454500
008
180718b2001 xxu||||| |||| 00| 0 eng d
100
_a
Singh, Joginder
245
_a
Police material is uniformly good
260
_c
2001
300
_a
p.7
362
_a
8 Aug
650
_a
Police - India
650
_a
Police
773
_a
Pioneer
909
_a
50543
999
_c
50543
_d
50543